000 00848cam a22002532 4500
001 0000025136
005 20151217145951.0
008 150120s xx 000 0 eng d
020 _a9350266629 :
040 _aKABU
_cKABU
100 1 _aSingh, Avtar.
_@0000185401
245 1 0 _aCompetition law /
_cAvtar Singh and Harpreet Kaur.
250 _a1st ed.
260 _aLucknow :
_bEastern Book Company.,
_c2012.
300 _axxxvi, 294 p.
650 0 _aRestraint of trade
_zIndia.
_@0000185556
650 0 _aAntitrust law
_zIndia.
_@0000185557
650 0 _aCompetition law
_zIndia.
_@0000185558
852 1 _9p2700 KES
852 1 _9p2700 KES
852 1 _9p2700 KES
908 _a150120
950 _@1
999 _c4607
_d4607